| 000 | 00637nam a2200205 a 4500 | ||
|---|---|---|---|
| 001 | BRCA_8382 | ||
| 005 | 20190320210246.0 | ||
| 008 | 281014s2013----mx-a######---#000-0#spa-# | ||
| 041 | _aspa | ||
| 044 | _amx | ||
| 050 | 4 |
_aNK1653 _b.S47 2013 |
|
| 100 | 1 |
_aSereno Ayala, Yolanda _921003 |
|
| 245 | 1 | 0 |
_aLa magia de las plumas _cYolanda Sereno Ayala. |
| 260 |
_aMorelia, Mich., México _bLa Voz de Michoacán _c2013 |
||
| 300 |
_a86 p. _bil. (algunas a color) _c28 cm. |
||
| 500 | _aIncluye lista de ilustraciones | ||
| 504 | _aBibliografía: p. 84 | ||
| 650 | 1 | 4 |
_aTrabajos en pluma _xHistoria _zMichoacán, México _921004 |
| 942 |
_2lcc _cB |
||
| 999 |
_c8050 _d8050 |
||